Disney Characters - Statistics

General Stats
  • This quiz has been taken 23 times
  • The average score is 7 of 12
Answer Stats
Picture Answer % Correct
Mickey Mouse
100%
Olaf
93%
Snow White
93%
Dumbo
73%
Moana
73%
Flounder
60%
Merida
60%
Sebastian
60%
Russell
40%
Vanellope von Schweetz
33%
Antonio Madrigal
13%
Flash Slothmore
7%
No matching quizzes found
Score Distribution
Percent of People with Each Score
Percentile by Number Answered
Your Score History
You have not taken this quiz